| 000 | 00492nam a22001697a 4500 | ||
|---|---|---|---|
| 005 | 20250106115423.0 | ||
| 010 | _aB-761555 | ||
| 020 |
_a9789393790897 _c637.00 |
||
| 035 | _aB-761555 | ||
| 037 | _bGift | ||
| 082 | _a000 | ||
| 245 |
_aIIT Foundation Practice Book; _bPhysics/ Chemistry/ Mathematics 2008 Class 7/ |
||
| 260 | _bPearson publication | ||
| 300 |
_aVp. _c28cm(Pb) |
||
| 942 |
_2ddc _cEN _mIIT _h000 |
||
| 999 |
_c208057 _d208057 |
||